CHEMISTRY OF NATURAL PRODUCTS - II (Record no. 6178)

MARC details
000 -LEADER
fixed length control field 00443nam a22001697a 4500
005 - DATE AND TIME OF LATEST TRANSACTION
control field 20200608120501.0
008 - FIXED-LENGTH DATA ELEMENTS--GENERAL INFORMATION
fixed length control field 200320b xxu||||| |||| 00| 0 eng d
020 ## - INTERNATIONAL STANDARD BOOK NUMBER
ISBN 9788123918747
041 ## - LANGUAGE CODE
Language code of text/sound track or separate title eng
082 ## - DEWEY DECIMAL CLASSIFICATION NUMBER
Classification number 547
100 ## - MAIN ENTRY--AUTHOR NAME
Personal name KAR, ASHUTOSH
245 ## - TITLE STATEMENT
Title CHEMISTRY OF NATURAL PRODUCTS - II
Statement of responsibility, etc ASHUTOSH ,KAR
260 ## - PUBLICATION, DISTRIBUTION, ETC. (IMPRINT)
Place of publication NEW DELHI
Name of publisher CBS PUBLISHERS AND DISTRIBUTORS
Year of publication 2018
300 ## - PHYSICAL DESCRIPTION
Number of Pages 620
650 ## - SUBJECT ADDED ENTRY--TOPICAL TERM
Topical Term PHARMACY
942 ## - ADDED ENTRY ELEMENTS (KOHA)
Koha item type Books
Holdings
Lost status Damaged status Collection code Home library Current library Shelving location Date acquired Source of acquisition Cost, normal purchase price Full call number Accession Number Koha item type
    PHARMACY JRU Library JRU Library SHELF-18-F 20/03/2020 PURCHASE 495.00 547 23868 Books
    Reference JRU Library JRU Library SHELF-5-B 20/03/2020 PURCHASE 525.00 547 23869 Books
    PHARMACY JRU Library JRU Library SHELF-5-D 20/03/2020 PURCHASE 495.00 547 23870 Books